[Event "?"]
[Site "?"]
[Date "????.??.??"]
[Round "?"]
[White "Kalmutzki, M."]
[Black "Murphy, G."]
[Result "1/2-1/2"]
[WhiteElo "1954"]
[BlackElo "1685"]
[PlyCount "54"]
[EventDate "2010.??.??"]
[WhiteTeam "Stiftg BSW/DBAG 4"]
[BlackTeam "Schottland 2"]

1. d4 Nf6 2. e3 d6 3. f4 g6 4. Nf3 Bg7 5. Bc4 O-O 6. O-O Nbd7 7. c3 Ne4 8. Nbd2
Ndf6 9. Bd3 Nxd2 10. Bxd2 Bg4 11. Be2 Re8 12. h3 Bf5 13. Be1 c6 14. Bd3 Be4 15.
Qc2 Bxd3 16. Qxd3 Qb6 17. Rb1 Rad8 18. Bf2 e5 19. fxe5 dxe5 20. Qc2 exd4 21.
exd4 Qc7 22. Rfe1 Rxe1+ 23. Rxe1 Re8 24. Rxe8+ Nxe8 25. Qe4 Nf6 26. Qe3 a6 27.
a3 Kf8 1/2-1/2

[Event "?"]
[Site "?"]
[Date "????.??.??"]
[Round "?"]
[White "Macgilchrist, S."]
[Black "Warnke, E."]
[Result "1/2-1/2"]
[WhiteElo "1817"]
[BlackElo "1821"]
[PlyCount "36"]
[EventDate "2010.??.??"]
[WhiteTeam "Schottland 2"]
[BlackTeam "Stiftg BSW/DBAG 4"]

1. e4 c5 2. Nc3 Nc6 3. g3 g6 4. Bg2 Bg7 5. f4 d6 6. d3 e6 7. Nf3 Bd7 8. O-O
Nge7 9. h3 Rb8 10. Ne2 b6 11. c3 Qc7 12. Be3 O-O 13. Qd2 f5 14. Rad1 Rbd8 15.
Qc2 d5 16. e5 Rc8 17. Qd2 Rfd8 18. Qe1 h5 1/2-1/2

[Event "?"]
[Site "?"]
[Date "????.??.??"]
[Round "?"]
[White "Gafke, M."]
[Black "Macrae, J."]
[Result "1-0"]
[WhiteElo "1872"]
[BlackElo "1753"]
[PlyCount "113"]
[EventDate "2010.??.??"]
[WhiteTeam "Stiftg BSW/DBAG 4"]
[BlackTeam "Schottland 2"]

1. d4 d5 2. Bf4 e6 3. Nf3 Bd6 4. Bg5 Be7 5. Bf4 Bd6 6. Bg3 Nf6 7. e3 Ne4 8. Bd3
Nd7 9. Nbd2 Ndf6 10. Ne5 a6 11. Bh4 Nxd2 12. Qxd2 Be7 13. Bxf6 gxf6 14. Nf3 Bd7
15. c3 Bc6 16. Qc2 h6 17. e4 dxe4 18. Bxe4 Qd7 19. Bxc6 Qxc6 20. O-O-O O-O-O
21. Rhe1 Rd6 22. Nh4 Qd7 23. Qe4 Bd8 24. Nf3 c6 25. Nd2 Rd5 26. Nb3 Bb6 27. Kb1
Qd8 28. Qf3 Rf5 29. Qe2 Qc7 30. h3 Qf4 31. Rf1 h5 32. Rd3 Rg8 33. Rf3 Qh2 34.
Rxf5 exf5 35. Qxh5 Qxg2 36. Qxf5+ Kb8 37. Re1 Qg6 38. Qxg6 fxg6 39. Nd2 Rh8 40.
Rh1 Bd8 41. Kc2 f5 42. Kd3 Kc7 43. Ke2 g5 44. Kf3 Bf6 45. Kg2 b5 46. Re1 Kd7
47. Nb3 Be7 48. Re5 Rf8 49. Nc5+ Bxc5 50. Rxc5 Rf6 51. a4 Kd6 52. axb5 axb5 53.
b3 Rf8 54. Kf3 g4+ 55. hxg4 fxg4+ 56. Kg3 Rf3+ 57. Kg2 1-0

[Event "?"]
[Site "?"]
[Date "????.??.??"]
[Round "?"]
[White "Hauswald, G."]
[Black "Bjorgvik, J."]
[Result "1-0"]
[WhiteElo "1820"]
[BlackElo "1921"]
[PlyCount "143"]
[EventDate "2010.??.??"]
[WhiteTeam "Heidenau"]
[BlackTeam "Trondergutan"]

1. d4 d5 2. Nf3 Nf6 3. e3 e6 4. Be2 Be7 5. O-O O-O 6. c4 c6 7. Nc3 dxc4 8. Bxc4
Nd5 9. a3 Nxc3 10. bxc3 Bf6 11. Rb1 Qc7 12. Qc2 Nd7 13. Bd3 h6 14. e4 e5 15.
Be3 b6 16. h3 Bb7 17. Nd2 Rad8 18. f4 exd4 19. cxd4 Be7 20. a4 Nf6 21. f5 Qd7
22. Nf3 Rc8 23. Rbd1 Nh7 24. Qf2 a6 25. Qg3 Kh8 26. Ne5 Qe8 27. Ng4 Bg5 28. Bf2
b5 29. h4 Bd8 30. Ra1 Bc7 31. e5 f6 32. Qf3 h5 33. Nh2 fxe5 34. Rae1 bxa4 35.
dxe5 Bxe5 36. g3 Qe7 37. Qxh5 Rf6 38. Ng4 Qf7 39. Qxf7 Rxf7 40. Rxe5 Rd8 41.
Bc4 Rfd7 42. Ra5 Nf6 43. Ne3 Ne4 44. Be1 c5 45. Rxa4 Nd2 46. Bxd2 Rxd2 47. Ra2
Rxa2 48. Bxa2 Rd2 49. Rf2 Rd3 50. Nf1 a5 51. Kh2 Rc3 52. Be6 a4 53. g4 a3 54.
g5 Rf3 55. Rxf3 Bxf3 56. Nd2 Be2 57. Ba2 Bd3 58. f6 gxf6 59. gxf6 Kh7 60. Nc4
Be4 61. Nxa3 Kg6 62. f7 Kg7 63. Kg3 Bg6 64. Kg4 Bxf7 65. Bxf7 Kxf7 66. Kg5 Kg7
67. Nc4 Kh7 68. Ne3 Kg7 69. Kf5 Kh6 70. Ke5 c4 71. Kd4 Kh5 72. Ng2 1-0

[Event "?"]
[Site "?"]
[Date "????.??.??"]
[Round "?"]
[White "Gabrielsen, O."]
[Black "Wiemann, D."]
[Result "1-0"]
[WhiteElo "1788"]
[BlackElo "1475"]
[PlyCount "47"]
[EventDate "2010.??.??"]
[WhiteTeam "Trondergutan"]
[BlackTeam "Heidenau"]

1. e4 e6 2. d4 d5 3. Nc3 dxe4 4. Nxe4 Nf6 5. Bd3 Be7 6. Nf3 Nc6 7. c3 O-O 8.
Qc2 h6 9. h3 Bd7 10. g4 Nxe4 11. Bxe4 Rb8 12. Be3 Bf6 13. O-O-O e5 14. d5 Na5
15. b3 Qe7 16. Kb1 b5 17. Rdg1 g5 18. h4 Kg7 19. hxg5 hxg5 20. Rh7+ Kg8 21.
Rgh1 Bxg4 22. Ng1 Nb7 23. f3 Bd7 24. Qh2 1-0

[Event "?"]
[Site "?"]
[Date "????.??.??"]
[Round "?"]
[White "Lauterbach, E."]
[Black "Haugvik, B."]
[Result "0-1"]
[WhiteElo "1715"]
[BlackElo "1752"]
[PlyCount "56"]
[EventDate "2010.??.??"]
[WhiteTeam "Heidenau"]
[BlackTeam "Trondergutan"]

1. d4 d5 2. Nf3 Nf6 3. c4 e6 4. Bg5 Be7 5. e3 Nbd7 6. Nc3 c5 7. cxd5 exd5 8.
Bb5 O-O 9. O-O b6 10. Bc6 Rb8 11. Nxd5 Nxd5 12. Bxe7 Nxe7 13. Be4 Nf6 14. Bd3
Bg4 15. Be2 Rc8 16. h3 Bh5 17. g4 Bg6 18. Ne5 Be4 19. f3 Bb7 20. Kh2 Nfd5 21.
Qd3 Qc7 22. f4 Rfe8 23. Rac1 Qb8 24. Nd7 Qd6 25. Ne5 f6 26. Nc4 Qb8 27. Kg1 Ng6
28. Nd2 Rxe3 0-1